Normal view MARC view

Entry Personal Name

Number of records used in: 1

001 - CONTROL NUMBER

  • control field: 309146

003 - CONTROL NUMBER IDENTIFIER

  • control field: DLC

005 - DATE AND TIME OF LATEST TRANSACTION

  • control field: 20260402153519.0

008 - FIXED-LENGTH DATA ELEMENTS

  • fixed length control field: 861006n| azannabb| |n aaa

010 ## - LIBRARY OF CONGRESS CONTROL NUMBER

  • LC control number: n 85319955

040 ## - CATALOGING SOURCE

  • Original cataloging agency: DLC
  • Language of cataloging: eng
  • Transcribing agency: DLC
  • Modifying agency: DLC
  • Modifying agency: Uk
  • Modifying agency: MY-SjTCS
  • Description conventions: rda

100 1# - HEADING--PERSONAL NAME

  • Personal name: Bidgoli, Hossein

373 ## - ASSOCIATED GROUP

  • Associated group: California State University

374 ## - OCCUPATION

  • Occupation: College teachers
  • Source of term: lcsh

375 ## - GENDER

  • Gender: male

377 ## - ASSOCIATED LANGUAGE

  • Language code: eng

670 ## - SOURCE DATA FOUND

  • Source citation: His Introd. to management information systems, c1986:
  • Information found: t.p. (Hossein Bidgoli, Ph. D., assoc. prof., man. info. systems, Calif. State Coll., Bakersfield)

670 ## - SOURCE DATA FOUND

  • Source citation: Intelligent management support systems, 1998:
  • Information found: CIP t.p. (Hossein Bidgoli) datasheet (b. 03-25-52)